00455cam a2200145 a 450000100100000000500170001000800410002704000250006808200150009310000330010824500570014126000460019830000330024450400320027700001914520200929165932.0750115s1971 xxcaf b 001 0 eng  aDO-SdBNPbspacBNPHU axxxbR125h1 aRaddall, Thomas Head,d1903-10aHalifax :bwarden of the North /cThomas H. Raddall. aToronto :bMcClelland and Stewart,c1971. axvi, 343 p. :bil. ;c23 cm. aBibliography: p. [334]-337.